00861nam a2200241 a 450000100060000000300080000600500170001400800410003102000150007203500200008704000320010704100080013908200250014710000300017224501500020226000700035230000330042250000180045565000400047365000400051370000310055370000350058453259BD-RjUL20211209075931.0161004s1968 enkac b 001 0 eng  a0520052560 a(BD-RjUL) 53379 aDLCcDLCdDLCdBD-RjULbeng aeng00a709.04223bCHT 19681 aChipp, Herschel Browning,10aTheories of modern art :ba source book by artists and critics /c[by] Herschel B. Chipp [with] contributions by Peter Selz and Joshua C. Taylor. aBerkeley :bUniversity of California Press,cc1968 [renewed 1996] axv, 664 p. :bill. ;c26 cm. aInclude index 0aArt, Moderny19th centuryxHistory. 0aArt, Moderny20th centuryxHistory.1 aSelz, Peter Howard,d1919-1 aTaylor, Joshua Charles,d1917-